| 000 | 00873cab a2200277 4500 | ||
|---|---|---|---|
| 001 | ABS57039 | ||
| 008 | 090401t1997 xxu||||| |||| 00| 0 eng d | ||
| 035 | _a(Sirsi) u98371 | ||
| 041 | _aeng | ||
| 100 | _aGilbert, D.E. | ||
| 245 | _aMarket rent: what is it? | ||
| 260 | _c1997 | ||
| 350 | _a0 | ||
| 490 |
_aSouth African Valuer _v(49) March 1997, 4-7(4) |
||
| 520 | _aAuthor argues that valuers and land economists as impartial professionals can do much to help the process of free and fair negotiation between shopping centre owners and tenants, which will be of benefit to individuals and the community alike. | ||
| 650 | _aCOSTS | ||
| 650 | _aMARKET RENT | ||
| 650 | _aMARKET VALUE | ||
| 650 | _aOCCUPANCY COSTS | ||
| 650 | _aRENT | ||
| 650 | _aRETAIL | ||
| 650 | _aVALUERS | ||
| 690 | _aRATING AND VALUATION | ||
| 942 | _n0 | ||
| 948 | _c21/05/1997 | ||
| 999 |
_c59772 _d59772 |
||